Najbardziej utytułowane drużyny w Pucharze Polski - Statystyki

Ogólne statystyki
  • Ten quiz został rozwiązany 144 razy
  • Średni wynik to 13 z 21
Statystyki odpowiedzi
Liczba tytułów Zespół % Poprawnych
19 Legia Warszawa
100%
5 Lech Poznań
96%
4 Wisła Kraków
92%
2 Lechia Gdańsk
90%
2 Arka Gdynia
86%
6 Górnik Zabrze
84%
3 Ruch Chorzów
83%
2 Polonia Warszawa
76%
2 Śląsk Wrocław
73%
1 Jagiellonia Białystok
71%
1 Widzew Łódź
71%
1 ŁKS Łódź
70%
3 GKS Katowice
57%
1 Zawisza Bydgoszcz
51%
1 Wisła Płock
46%
4 Zagłębie Sosnowiec
43%
3 Amica Wronki
37%
2 Dyskobolia Grodzisk Wielkopolski
30%
1 Miedź Legnica
27%
1 Stal Rzeszów
23%
1 Gwardia Warszawa
8%
Nie znaleziono quizów pasujących do podanych kryteriów
Rozkład punktacji
Procent ludzi z każdym wynikiem
Percentyl według liczby udzielonych odpowiedzi
Twoja historia wyników
Nie rozwiązałeś tego quizu